The First 100 Words of Charlotte's Web - Statistics

General Stats
  • This quiz has been taken 172 times
  • The average score is 47 of 100
Answer Stats
Answer % Correct
a
97%
"I
96%
the
95%
an
85%
"You
78%
he
77%
is
75%
who
75%
it
74%
it."
74%
it?"
74%
it?
74%
to
74%
and
72%
do
72%
"Do
72%
was
71%
of
69%
they
67%
said
65%
So
62%
were
62%
her
61%
that
60%
as
58%
why
56%
"One
55%
will
52%
with
52%
mother
49%
mother,
49%
for
48%
father
45%
your
45%
runt.
43%
see
43%
"Some
42%
going
41%
kill
41%
don't
39%
Fern
39%
Fern,
39%
Fern.
39%
pigs
39%
small
39%
has
38%
It's
36%
it's
36%
"Out
33%
because
32%
born
31%
last
31%
very
31%
axe?"
29%
axe,"
29%
mean
29%
night."
28%
away
27%
Just
26%
breakfast.
25%
needs
25%
never
25%
only
25%
Papa
25%
than
25%
weak
25%
"Where's
25%
table
22%
replied
21%
"Well,"
21%
eight.
20%
Arable.
19%
Arable
19%
Mrs.
19%
setting
19%
anything.
18%
others?"
18%
smaller
18%
amount
16%
decided
16%
put
15%
shrieked
14%
hoghouse,"
13%
continued
10%
No matching quizzes found
Score Distribution
Percent of People with Each Score
Percentile by Number Answered
Your Score History
You have not taken this quiz